| 000 | 00481ntaaa2200181 4500 | ||
|---|---|---|---|
| 003 | 01 | ||
| 005 | 20251027201155.0 | ||
| 008 | 0714s1973 ag 01 | ||
| 040 |
_aAR-BaBN _bspa _cAR-BaBN _eaacr _dRIC |
||
| 082 | _a220.1 W42 | ||
| 100 |
_aWegener, G. S. _99545 |
||
| 245 |
_a6000 years of the Bible / _cG. S. Wegener |
||
| 250 | _a1 ed. | ||
| 300 | _a352 p. | ||
| 500 | _aHistoria de la Biblia sobre 6.000 aƱos. Contiene 223 ilustraciones. | ||
| 650 | _aBiblia-Origen | ||
| 942 | _cBK | ||
| 999 |
_c6001 _d6001 |
||